Samospráva -"okrúhly stôl" časopisov Právník a Právny obzor
Redakcie časopisov Právník a Právny obzor usporiadali 21. septembra 1995 v Bratislave diskusiu na tému Samospráva. Snaha o spresnenie pohľadu na fenomén samosprávy, osobitne územnej. Rozdelenie diskusie na dva okruhy problémov. V prvom okruhu sústredenie diskusie na niektoré princípy a atribúty samo...
Salvato in:
| Natura: | Capitolo di libro |
|---|---|
| Lingua: | slovacco |
| Soggetti: | |
| Tags: |
Nessun Tag, puoi essere il primo ad aggiungerne!!
|
MARC
| LEADER | 00000naa a2200000 4500 | ||
|---|---|---|---|
| 001 | r020858 | ||
| 005 | 20230921125042.1 | ||
| 041 | 0 | |a slo | |
| 044 | |a SK | ||
| 245 | 1 | 0 | |a Samospráva -"okrúhly stôl" časopisov Právník a Právny obzor |
| 520 | |a Redakcie časopisov Právník a Právny obzor usporiadali 21. septembra 1995 v Bratislave diskusiu na tému Samospráva. Snaha o spresnenie pohľadu na fenomén samosprávy, osobitne územnej. Rozdelenie diskusie na dva okruhy problémov. V prvom okruhu sústredenie diskusie na niektoré princípy a atribúty samosprávy, v druhom otázky jej vzťahu k miestnej štátnej správe. Názory jednotlivých účastníkov diskusie. | ||
| 610 | 2 | 0 | |a samospráva |
| 610 | 2 | 0 | |a správa štátna |
| 610 | 2 | 0 | |a diskusia |
| 610 | 2 | 0 | |a subsidiarita |
| 610 | 2 | 0 | |a štát |
| 610 | 2 | 0 | |a moc štátna |
| 610 | 2 | 0 | |a decentralizácia |
| 610 | 2 | 0 | |a kompetencie |